| 000 | 01360nam a2200253Ia 4500 | ||
|---|---|---|---|
| 001 | 19127 | ||
| 003 | GE_BSU | ||
| 008 | 181216s||||||||xx |||||||||||||| ||und|| | ||
| 040 | _cGE_BSU | ||
| 080 | _a025.2 | ||
| 245 | _aსაბიბლიოთეკო დოკუმენტების აღრიცხვა, დამუშავება და სისტემატიზაცია. მეთოდურ-ინსტრუქციული წერილი | ||
| 245 | _cშემდგ. ნ. ქავთარაძე. რედ. გ. თაყნიაშვილი | ||
| 250 | _aსაქ. პარლამ. ეროვნული ბიბლიოთეკა | ||
| 260 | _aთბილისი | ||
| 260 | _bსაქ. პარლამ. ეროვნული ბიბლიოთეკა | ||
| 260 | _c2013 | ||
| 300 | _a70გვ. | ||
| 541 | _h3ლ.76თ. | ||
| 653 | _aბიბლიოთეკარი | ||
| 653 | _aსაბიბლიოთეკო დოკუმენტების აღრიცხვა, დამუშავება და სისტემატიზაცია. მეთოდურ-ინსტრუქციული წერილი | ||
| 653 | _aსაბიბლიოთეკო საქმე | ||
| 653 | _aქსეროქსი | ||
| 942 | _cBK | ||
| 999 |
_c52120 _d52120 |
||